000 00673nam a2200229Ia 4500
001 a381-24516 [3351]
003 IT-MiCISF
008 161014s9999||||xx |||||||||||||| ||und||
040 _aIT-MiCISF
_cIT-MiCISF
041 _ait
100 _aBadaracco Elvira
245 0 _aMaternità cosciente
_bContraccezione e aborto
250 _a1a ed.
260 _a Milano
_bMazzotta
_c1976
300 _app. 198
500 _a / procreazione, contraccezione, aborto, maternità, pianificazione-familiare, procreazione-responsabile /
650 _aprocreazione
700 _aBuscaglia Mauro
700 _aDambrosio Francesco
942 _cBK
957 _71
999 _a24516
_bsi
_g1
_c216845
_d216845